Word Ladder: Berries Quiz Stats

 Plays Quiz Updated Feb 28, 2019

Score 0/16 Timer 01:30
2 Plays Today
Clue 4-Letter Word % Correct
Sky color•BLUE•
99.7%
AdhesiveGLUE
96%
Tuna or bass, e.g.FISH
91.5%
Clenched handFIST
91.2%
Genie's grantWISH
90.3%
Clean with waterWASH
88.5%
Winged stinging insectWASP
87.5%
Chowder shellfishCLAM
87.2%
Clue 4-Letter Word % Correct
Study all nightCRAM
87%
Italian automakerFIAT
85.5%
SullenGLUM
85.2%
Rock type?GLAM
77.9%
Greek house?FRAT
64.2%
Talk like Dirty Harry•RASP•
57.7%
British unit of capacity for fresh herrings•CRAN•
57.1%
Vikings' great TarkentonFRAN
56%

Today's Daily Dose

Missing Word
Celine Dion

Word Ladder
Dr. Seuss Books

Quick Pick
Cities in India

Get the Picture
'A' Actresses

You're not logged in!

Compare scores with friends on all Sporcle quizzes.
OR
Log In

Sporcle TV

Today on Sporcle TV


Watch our educational content, quiz creation guides, and fun videos on Sporcle TV.

Show Comments

Extras

Top Quizzes Today


Score Distribution

Your Account Isn't Verified!

In order to create a playlist on Sporcle, you need to verify the email address you used during registration. Go to your Sporcle Settings to finish the process.

Report this User

Report this user for behavior that violates our Community Guidelines.

Details: